000 01255cam a22003497a 4500
003 CHAP
005 20220329142428.0
008 010123d2000 mx ao r 00110 spa d
010 _a83318
011 _a84290
035 _a94809
040 _cCHAP
090 _aTesis
100 0 0 _aSerrano Meza, Ivan Humberto.
_9105224
245 1 0 _aDiseño de sistemas de riego por pivote central (modelos y programas de cómputo)
_c/por Ivan Humberto Serrano Mendoza.
260 _aChapingo, Méx. :
_bEl autor,
_c2000.
300 _a177h. :
_bfots.; ilus.; cuads.; gráfs.; anexos.
502 _aTesis (Ing. en Irrigación) -- UACH. Departamento de Irrigación.
590 _aALEPH
_b10
_c20130110
_lUCH01
_h1441
590 _aBATCH-UPD
_b10
_c20130110
_lUCH01
_h0820
590 _aBATCH-UPD
_b10
_c20130410
_lUCH01
_h0458
590 _aBATCH-UPD
_b10
_c20130914
_lUCH01
_h1206
590 _aCONVERSION
_b10
_c20130109
_lUCH01
_h1346
650 1 4 _aDiseño en ingeniería.
_932730
650 1 4 _aProgramación (Computadoras)
_xIngeniería.
_992369
650 1 4 _aRiego por aspersión.
_997375
901 _aBK
905 _aEdna Luz
942 _cFOLL
949 _bBC
_cTES
_d33724000809505
_eTS2
_fc.2
_h37841
_i94809
_so
949 _bBC
_cTES
_d948091
_eTS1
_h37840
_i94809
_sb
999 _c83318
_d83318